000 00673nam a2200265Ia 4500
008 210210b2014 xxu||||| |||| 00| 0 eng d
020 _a9789339205805
041 _aeng
082 _a658.4038 APPC
100 _aAPPLEGATE (Lynda M)
245 _aCorporate information strategy and management:text and cases Ed 8
250 _a
260 _aNew Delhi
_bMcGraw Hill Education (India) Private Limited
_c2014
300 _axi,513
650 _astrategy
650 _amanagement:text
650 _ainformation
650 _aEd
650 _aCorporate
650 _acases
650 _a8
690 _aMIS
700 _aAUSTIN (Robert D)
906 _a074237
999 _c124079
_d124079